00847nam a2200205 i 450000100060000000300090000600500170001500700030003200800410003510000310007624500940010726000510020130000200025250500650027265000780033765000690041585200200048499900170050495201200052190278ES-MaACL20230906180411.0t|050119s1949 fr ||||1| fre d1 aLe Gentil, Pierre.916851313aLa poesie lyrique espagnole et portugaise áa la fin du moyen âge /cPierre Le Gentil. aRennes : bPhilon, c1949 (fImp. Commerciale) a1 v. ; c25 cm.8 aContiene: I ; tPremiere partie: Les thèmes et les genres. 4aPoesía lírica española-yHasta S.XV-xHistoria y crítica.9162976 4aPoesía portuguesa-yS.XVI-XVII-xHistoria y crítica.9136734 aES-MaACLjP-982 c90278d90278 00104070aATENEOMbATENEOMcDEPO2d2008-01-17eSCl0oP-982p1094272r2023-02-23 00:00:00w2023-02-23yMONOGRAFIA